Non sei tu - Gazzelle - Statistics

Statistiche generali
  • Questo quiz è stato fatto 19 volte
  • Il punteggio medio è 170 su 215
Statistiche sulle risposte
Risposta % Corretto
che
100%
non
100%
sei
100%
tu
100%
al
92%
di
92%
gli
92%
ne
92%
occhi
92%
per
92%
un
92%
una
92%
altri
85%
e
85%
i
85%
il
85%
sanno
85%
sconosciuta
85%
blu
77%
come
77%
dentro
77%
la
77%
le
77%
matti
77%
quando
77%
diventare
69%
giorni
69%
ho
69%
letto
69%
mio
69%
passano
69%
più
69%
qui
69%
ridevamo
69%
sacco
69%
sotto
69%
torni
69%
vederti
69%
voglia
69%
addosso
62%
degli
62%
drink
62%
gialli
62%
graffi
62%
mani
62%
naso
62%
nostri
62%
pazzi
62%
pieni
62%
rotto
62%
venerdì
62%
andarmene
54%
correvamo
54%
lividi
54%
lunedì
54%
pelle
54%
restano
54%
stupidi
54%
tuo
54%
venirmi
54%
via
54%
da
46%
mescolarsi
46%
preso
46%
sopra
46%
stelle
46%
tardi
46%
tornavamo
46%
visto
46%
alle
38%
posto
31%
tanti
31%
sta
23%
Nessun quiz corrispondente trovato
Distribuzione punteggi
Percentuale di utenti per punteggio
Percentile per numero di risposta
I tuoi punteggi nel tempo
Non hai fatto questo quiz